Akai, Krištof (Akkay) filozof, náboženský spisovateľ (25. 3. 1706 Súľov-Hradná, okr. Žilina - 28. 3. 1766 Kláštor pod Znievom, okr. Martin)

Bibliographic Details
Format: Article
Language:Slovak
Subjects:

MARC

LEADER 00000naa a2200000uu 4500
001 vtls010870265
003 SK-MaSNL
005 20260302140944.0
008 220808|1986 xo |||||||||||||||||slo|
035 |a (urnnbn)urn:nbn:sk:snk:ar-008k83 
035 |a (uuid)72bd3172-6e66-4013-a1ef-c96caae925fc 
035 |a urn:nbn:sk:snk-aaum2q 
040 |a SNKBUCL  |b slo  |c SNKBUCL  |e AACR2 
041 0 |a slo 
044 |a xo  |c SK 
245 0 0 |a Akai, Krištof (Akkay)  |b filozof, náboženský spisovateľ (25. 3. 1706 Súľov-Hradná, okr. Žilina - 28. 3. 1766 Kláštor pod Znievom, okr. Martin) 
600 1 7 |a Akai, Krištof,  |d 1706-1766  |2 SNKMA  |9 193452 
655 7 |a biografické heslá  |2 SNKPH  |9 368942 
773 0 |t Slovenský biografický slovník : (od roku 833 do roku 1990). I. zväzok, A - D  |d Martin : Matica slovenská, 1986  |g S. 37-38 
954 |a odborná, vedecká literatúra pôvodná (slovenská)  |2 lita 
958 |a OND 
958 |a BX 
958 |a chapter 
958 |a article6 
999 |c 1333387  |d 1335317